[Event "GER-ch Rapid Women 2020"]
[Site "Plochingen"]
[Date "2020.09.19"]
[Round "5.2"]
[White "Muetsch, Annmarie"]
[Black "Frey, Alisa"]
[Result "1-0"]
[WhiteElo "2226"]
[BlackElo "2087"]
[Annotator "ChessBase"]
[PlyCount "59"]
[EventDate "2020.09.19"]
[EventType "swiss"]
[EventCountry "GER"]
[SourceTitle "playchess.com"]
[Source "ChessBase"]
[SourceQuality "1"]
[TimeControl "900+10"]

1. e4 {[%emt 0:00:00]} e5 {[%emt 0:00:00]} 2. Nf3 {[%emt 0:00:00]} Nc6 {[%emt 0:00:00]} 3. d4 {[%emt 0:00:00]} exd4 {[%emt 0:00:00]} 4. Nxd4 {[%emt 0:00:02]} Bc5 {[%emt 0:00:00]} 5. Nb3 {[%emt 0:00:02]} Bb6 {[%emt 0:00:00]} 6. Nc3 {[%emt 0:00:02]} Nf6 {[%emt 0:00:27]} 7. Qe2 {[%emt 0:00:04]} O-O {[%emt 0:00:25]} 8. Be3 {[%emt 0:00:24]} Bxe3 {[%emt 0:00:30]} 9. Qxe3 {[%emt 0:00:03]} Re8 {[%emt 0:00:35]} 10. O-O-O {[%emt 0:00:07]} Qe7 {[%emt 0:00:20]} 11. f3 {[%emt 0:00:42]} d6 {[%emt 0:00:35]} 12. g4 {[%emt 0:00:50]} a5 {[%emt 0:00:57]} 13. Bb5 {[%emt 0:00:31]} Bd7 {[%emt 0:00:30]} 14. g5 {[%emt 0:00:46]} Nh5 {[%emt 0:00:02]} 15. Nd5 {[%emt 0:00:25]} Qd8 {[%emt 0:00:04]} 16. Kb1 {[%emt 0:00:45]} Nb4 {[%emt 0:00:18]} 17. Nxb4 {[%emt 0:02:55]} Bxb5 {[%emt 0:01:59]} 18. Nd5 {[%emt 0:00:15]} Bc4 {[%emt 0:01:27]} 19. Qc3 {[%emt 0:01:09]} b5 {[%emt 0:01:07]} 20. Nd4 {[%emt 0:01:51]} c5 {[%emt 0:06:14]} 21. Nf5 {[%emt 0:00:41]} Bxd5 {[%emt 0:00:39]} 22. Rxd5 {[%emt 0:00:24]} b4 {[%emt 0:00:14]} 23. Qd2 {[%emt 0:01:28]} c4 {[%emt 0:00:53]} 24. Rxd6 {[%emt 0:00:15]} Qc8 {[%emt 0:00:09]} 25. Qd5 {[%emt 0:01:35]} Nf4 {[%emt 0:00:34]} 26. Qd4 {[%emt 0:00:24]} Nh5 {[%emt 0:00:09]} 27. Rd7 {[%emt 0:00:22]} Ra6 {[%emt 0:00:29]} 28. Ne7+ {[%emt 0:01:38]} Rxe7 {[%emt 0:00:06]} 29. Rxe7 {[%emt 0:00:20]} c3 {[%emt 0:00:25]} 30. Qc4 {[%emt 0:00:32]} 1-0

[Event "GER-ch Rapid Women 2020"]
[Site "Plochingen"]
[Date "2020.09.19"]
[Round "5.3"]
[White "Gheng, Simona"]
[Black "Zeller, Elisa"]
[Result "0-1"]
[WhiteElo "2014"]
[BlackElo "1969"]
[Annotator "NA"]
[PlyCount "172"]
[EventDate "2020.09.19"]
[EventType "swiss"]
[EventCountry "GER"]
[SourceTitle "playchess.com"]
[Source "ChessBase"]
[SourceQuality "1"]
[TimeControl "900+10"]

1. e4 {[%emt 0:00:00]} e6 {[%emt 0:00:00]} 2. d4 {[%emt 0:00:03]} d5 {[%emt 0:00:00]} 3. Nd2 {[%emt 0:00:00]} c5 {[%emt 0:00:00]} 4. exd5 {[%emt 0:00:00]} Qxd5 {[%emt 0:00:00]} 5. Ngf3 {[%emt 0:00:00]} cxd4 {[%emt 0:00:00]} 6. Bc4 {[%emt 0:00:00]} Qd7 {[%emt 0:00:01]} 7. O-O {[%emt 0:00:00]} Nc6 {[%emt 0:00:01]} 8. Nb3 {[%emt 0:00:02]} Nf6 {[%emt 0:00:02]} 9. Nbxd4 {[%emt 0:00:03]} Nxd4 {[%emt 0:00:03]} 10. Nxd4 {[%emt 0:00:16]} a6 {[%emt 0:00:01]} 11. Re1 {[%emt 0:00:38]} b5 {[%emt 0:01:07]} 12. Bb3 {[%emt 0:01:41]} Bc5 {[%emt 0:00:08]} 13. Be3 {[%emt 0:00:14]} Bxd4 {[%emt 0:00:44]} 14. Bxd4 {[%emt 0:00:03]} O-O {[%emt 0:00:29]} 15. Qf3 {[%emt 0:00:33]} Bb7 {[%emt 0:00:06]} 16. Qf4 {[%emt 0:00:37]} Nd5 {[%emt 0:02:50]} 17. Qe5 {[%emt 0:00:16]} Nf6 {[%emt 0:00:17]} 18. Rad1 {[%emt 0:00:10]} Qc6 {[%emt 0:00:09]} 19. f3 {[%emt 0:00:16]} Rfd8 {[%emt 0:01:25]} 20. c3 {[%emt 0:00:04]} Ne8 {[%emt 0:00:36]} 21. Qh5 {[%emt 0:00:31]} Qc7 {[%emt 0:00:38]} 22. Bc2 {[%emt 0:01:54]} g6 {[%emt 0:01:05]} 23. Qh6 {[%emt 0:00:03]} Bd5 {[%emt 0:00:15]} 24. Re5 {[%emt 0:00:20]} f6 {[%emt 0:00:54]} 25. Rxd5 {[%emt 0:01:35]} exd5 {[%emt 0:00:36]} 26. Re1 {[%emt 0:00:03]} Qg7 {[%emt 0:00:22]} 27. Qf4 {[%emt 0:00:21]} Qf7 {[%emt 0:00:52]} 28. h4 {[%emt 0:00:16]} Nc7 {[%emt 0:00:47]} 29. Bb6 {[%emt 0:02:17]} Ne6 {[%emt 0:00:21]} 30. Qg4 {[%emt 0:00:03]} f5 {[%emt 0:00:51]} 31. Qg3 {[%emt 0:01:39]} Rd7 {[%emt 0:00:07]} 32. Qe5 {[%emt 0:00:28]} Re8 {[%emt 0:00:13]} 33. Rd1 {[%emt 0:01:29]} Nd8 {[%emt 0:02:02]} 34. Qg3 {[%emt 0:00:13]} Nc6 {[%emt 0:00:11]} 35. Bb3 {[%emt 0:00:05]} Ne7 {[%emt 0:00:16]} 36. Bd4 {[%emt 0:00:05]} f4 {[%emt 0:00:18]} 37. Qg5 {[%emt 0:00:05]} Nf5 {[%emt 0:00:04]} 38. Qxf4 {[%emt 0:00:39]} Nxd4 {[%emt 0:00:09]} 39. Qxd4 {[%emt 0:00:01]} Red8 {[%emt 0:00:03]} 40. a4 {[%emt 0:00:01]} bxa4 {[%emt 0:00:14]} 41. Qxa4 {[%emt 0:00:04]} Qf6 {[%emt 0:00:15]} 42. Qa5 {[%emt 0:00:17]} Kg7 {[%emt 0:00:20]} 43. Rd4 {[%emt 0:00:23]} Qf5 {[%emt 0:00:14]} 44. Qa1 {[%emt 0:00:44]} Qe5 {[%emt 0:00:43]} 45. Qxa6 {[%emt 0:00:11]} Qe1+ {[%emt 0:00:30]} 46. Kh2 {[%emt 0:00:14]} Qe5+ {[%emt 0:00:16]} 47. f4 {[%emt 0:00:01]} Qh5 {[%emt 0:00:13]} 48. Kh3 {[%emt 0:00:09]} Re8 {[%emt 0:00:27]} 49. Qc6 {[%emt 0:00:09]} Qf5+ {[%emt 0:00:17]} 50. Kh2 {[%emt 0:00:05]} Red8 {[%emt 0:00:12]} 51. Bd1 {[%emt 0:00:47]} Qf6 {[%emt 0:00:14]} 52. Qxf6+ {[%emt 0:00:04]} Kxf6 {[%emt 0:00:02]} 53. g4 {[%emt 0:00:02]} Rb8 {[%emt 0:00:12]} 54. b4 {[%emt 0:00:04]} Ra8 {[%emt 0:00:25]} 55. Bf3 {[%emt 0:00:14]} Ra3 {[%emt 0:00:14]} 56. g5+ {[%emt 0:00:36]} Kg7 {[%emt 0:00:03]} 57. Bg4 {[%emt 0:00:48]} Re7 {[%emt 0:00:24]} 58. Rxd5 {[%emt 0:00:07]} Rxc3 {[%emt 0:00:02]} 59. b5 {[%emt 0:00:03]} Rc2+ {[%emt 0:00:07]} 60. Kg3 {[%emt 0:00:07]} Re3+ {[%emt 0:00:10]} 61. Bf3 {[%emt 0:00:01]} Rcc3 {[%emt 0:00:01]} 62. Rd7+ {[%emt 0:00:03]} Kf8 {[%emt 0:00:04]} 63. Rxh7 {[%emt 0:00:13]} Rxf3+ {[%emt 0:00:01]} 64. Kg2 {[%emt 0:00:01]} Rfd3 {[%emt 0:00:06]} 65. Kf2 {[%emt 0:00:01]} Rf3+ {[%emt 0:00:03]} 66. Ke2 {[%emt 0:00:00]} Rxf4 {[%emt 0:00:03]} 67. b6 {[%emt 0:00:01]} Rb4 {[%emt 0:00:02]} 68. Kd2 {[%emt 0:00:02]} Rcb3 {[%emt 0:00:06]} 69. h5 {[%emt 0:00:03]} gxh5 {[%emt 0:00:03]} 70. Rxh5 {[%emt 0:00:13]} Rxb6 {[%emt 0:00:01]} 71. Kc2 {[%emt 0:00:02]} Rg3 {[%emt 0:00:04]} 72. Kd2 {[%emt 0:00:02]} Rb2+ {[%emt 0:00:04]} 73. Kc1 {[%emt 0:00:00]} Rf2 {[%emt 0:00:03]} 74. Rh1 {[%emt 0:00:02]} Rxg5 {[%emt 0:00:01]} 75. Rd1 {[%emt 0:00:01]} Rgg2 {[%emt 0:00:05]} 76. Re1 {[%emt 0:00:01]} Re2 {[%emt 0:00:03]} 77. Rf1+ {[%emt 0:00:01]} Ke7 {[%emt 0:00:01]} 78. Rd1 {[%emt 0:00:01]} Ke6 {[%emt 0:00:02]} 79. Kb1 {[%emt 0:00:02]} Ke5 {[%emt 0:00:05]} 80. Ka1 {[%emt 0:00:01]} Ke4 {[%emt 0:00:02]} 81. Kb1 {[%emt 0:00:01]} Rb2+ {[%emt 0:00:01]} 82. Ka1 {[%emt 0:00:00]} Rgd2 {[%emt 0:00:04]} 83. Re1+ {[%emt 0:00:02]} Kd3 {[%emt 0:00:02]} 84. Rh1 {[%emt 0:00:01]} Ra2+ {[%emt 0:00:23]} 85. Kb1 {[%emt 0:00:02]} Rdb2+ {[%emt 0:00:01]} 86. Kc1 {[%emt 0:00:00]} Ra1+ {[%emt 0:00:01]} 0-1

[Event "GER-ch Rapid Women 2020"]
[Site "Plochingen"]
[Date "2020.09.19"]
[Round "5.4"]
[White "Mundt, Alexandra"]
[Black "Voicu-Jagodzinsky, Carmen"]
[Result "0-1"]
[WhiteElo "1786"]
[BlackElo "2247"]
[Annotator "NA"]
[PlyCount "84"]
[EventDate "2020.09.19"]
[EventType "swiss"]
[EventCountry "GER"]
[SourceTitle "playchess.com"]
[Source "ChessBase"]
[SourceQuality "1"]
[TimeControl "900+10"]

1. e4 {[%emt 0:00:00]} c5 {[%emt 0:00:00]} 2. Nf3 {[%emt 0:00:00]} Nc6 {[%emt 0:00:00]} 3. d4 {[%emt 0:00:00]} cxd4 {[%emt 0:00:00]} 4. Nxd4 {[%emt 0:00:00]} g6 {[%emt 0:00:00]} 5. Nc3 {[%emt 0:01:16]} Bg7 {[%emt 0:00:00]} 6. Be3 {[%emt 0:00:22]} Nf6 {[%emt 0:00:06]} 7. Be2 {[%emt 0:00:31]} O-O {[%emt 0:00:12]} 8. Qd2 {[%emt 0:00:35]} d5 {[%emt 0:00:12]} 9. exd5 {[%emt 0:03:02]} Nxd5 {[%emt 0:00:03]} 10. Nxc6 {[%emt 0:01:49]} bxc6 {[%emt 0:00:04]} 11. Nxd5 {[%emt 0:00:52]} cxd5 {[%emt 0:00:05]} 12. c3 {[%emt 0:01:19]} Bb7 {[%emt 0:01:34]} 13. Bd4 {[%emt 0:00:54]} e5 {[%emt 0:00:14]} 14. Bc5 {[%emt 0:00:01]} Re8 {[%emt 0:00:07]} 15. O-O {[%emt 0:01:15]} Qh4 {[%emt 0:02:20]} 16. Bf3 {[%emt 0:01:15]} Red8 {[%emt 0:01:59]} 17. g3 {[%emt 0:00:14]} Qf6 {[%emt 0:00:29]} 18. Bg2 {[%emt 0:01:05]} a5 {[%emt 0:00:31]} 19. Rad1 {[%emt 0:00:56]} Bc6 {[%emt 0:01:44]} 20. Be3 {[%emt 0:00:37]} Qe6 {[%emt 0:00:13]} 21. Rfe1 {[%emt 0:01:03]} a4 {[%emt 0:00:45]} 22. Bb6 {[%emt 0:00:34]} Rd7 {[%emt 0:00:13]} 23. Qe2 {[%emt 0:00:33]} Rb8 {[%emt 0:00:38]} 24. Be3 {[%emt 0:00:31]} Bb5 {[%emt 0:00:36]} 25. Qc2 {[%emt 0:00:09]} Qc6 {[%emt 0:01:48]} 26. Rd2 {[%emt 0:00:12]} Bc4 {[%emt 0:00:06]} 27. a3 {[%emt 0:00:10]} Rdb7 {[%emt 0:00:47]} 28. Qc1 {[%emt 0:00:06]} Rb5 {[%emt 0:00:21]} 29. Red1 {[%emt 0:00:09]} Qb7 {[%emt 0:00:19]} 30. Qa1 {[%emt 0:00:17]} e4 {[%emt 0:00:48]} 31. Bd4 {[%emt 0:00:10]} Bd3 {[%emt 0:01:08]} 32. Bxg7 Kxg7 {[%emt 0:00:02]} 33. Bf1 {[%emt 0:00:19]} Bxf1 {[%emt 0:00:38]} 34. Kxf1 {[%emt 0:00:06]} e3 {[%emt 0:00:18]} 35. fxe3 {[%emt 0:00:11]} d4 {[%emt 0:00:02]} 36. cxd4 {[%emt 0:00:15]} Qh1+ {[%emt 0:00:08]} 37. Ke2 {[%emt 0:00:02]} Qxh2+ {[%emt 0:00:10]} 38. Kf3 {[%emt 0:00:03]} Rf5+ {[%emt 0:00:19]} 39. Ke4 {[%emt 0:00:01]} Qxg3 {[%emt 0:00:08]} 40. b4 {[%emt 0:00:31]} Re8+ {[%emt 0:00:10]} 41. Kd3 {[%emt 0:00:01]} Qxe3+ {[%emt 0:00:06]} 42. Kc2 {[%emt 0:00:01]} Qb3+ {[%emt 0:00:02]} 0-1

[Event "GER-ch Rapid Women 2020"]
[Site "Plochingen"]
[Date "2020.09.19"]
[Round "5.5"]
[White "Osmanodja, Filiz"]
[Black "Stangl, Anita"]
[Result "1-0"]
[WhiteElo "2256"]
[BlackElo "2005"]
[Annotator "NA"]
[PlyCount "57"]
[EventDate "2020.09.19"]
[EventType "swiss"]
[EventCountry "GER"]
[SourceTitle "playchess.com"]
[Source "ChessBase"]
[SourceQuality "1"]
[TimeControl "900+10"]

1. e4 {[%emt 0:00:00]} e6 {[%emt 0:00:00]} 2. d4 {[%emt 0:00:00]} d5 {[%emt 0:00:00]} 3. Nc3 {[%emt 0:00:00]} Nf6 {[%emt 0:00:00]} 4. e5 {[%emt 0:00:00]} Nfd7 {[%emt 0:00:00]} 5. f4 {[%emt 0:00:00]} c5 {[%emt 0:00:00]} 6. Nf3 {[%emt 0:00:00]} Nc6 {[%emt 0:00:00]} 7. Be3 {[%emt 0:00:00]} Qb6 {[%emt 0:00:02]} 8. Na4 {[%emt 0:00:28]} Qa5+ {[%emt 0:00:01]} 9. c3 {[%emt 0:00:01]} cxd4 {[%emt 0:00:01]} 10. b4 {[%emt 0:00:07]} Nxb4 {[%emt 0:00:01]} 11. cxb4 {[%emt 0:00:04]} Bxb4+ {[%emt 0:00:01]} 12. Bd2 {[%emt 0:00:02]} Bxd2+ {[%emt 0:00:02]} 13. Nxd2 {[%emt 0:00:04]} b5 {[%emt 0:00:01]} 14. Nb2 {[%emt 0:00:25]} Qc3 {[%emt 0:00:02]} 15. Nd3 {[%emt 0:03:35]} Nb6 {[%emt 0:00:06]} 16. Kf2 {[%emt 0:04:13]} Nc4 {[%emt 0:03:00]} 17. Nb3 {[%emt 0:00:16]} Ne3 {[%emt 0:00:35]} 18. Qd2 {[%emt 0:00:43]} Nc4 {[%emt 0:01:12]} 19. Qe2 {[%emt 0:02:05]} Nxe5 {[%emt 0:04:22]} 20. fxe5 {[%emt 0:00:19]} Qc7 {[%emt 0:00:03]} 21. Rc1 {[%emt 0:00:12]} Qb6 {[%emt 0:00:06]} 22. Ndc5 {[%emt 0:01:06]} f6 {[%emt 0:00:09]} 23. Qxb5+ {[%emt 0:00:09]} Ke7 {[%emt 0:00:19]} 24. exf6+ {[%emt 0:00:42]} gxf6 {[%emt 0:00:01]} 25. Nxd4 {[%emt 0:00:25]} Qd6 {[%emt 0:00:14]} 26. g3 {[%emt 0:01:08]} e5 {[%emt 0:00:41]} 27. Qb7+ {[%emt 0:01:26]} Bxb7 {[%emt 0:01:41]} 28. Nf5+ {[%emt 0:00:02]} Kd8 {[%emt 0:00:01]} 29. Nxb7+ {[%emt 0:00:10]} 1-0

[Event "GER-ch Rapid Women 2020"]
[Site "Plochingen"]
[Date "2020.09.19"]
[Round "5.6"]
[White "Birkholz, Olga"]
[Black "Wulf, Constanze"]
[Result "1-0"]
[WhiteElo "2018"]
[BlackElo "1817"]
[Annotator "NA"]
[PlyCount "77"]
[EventDate "2020.09.19"]
[EventType "swiss"]
[EventCountry "GER"]
[SourceTitle "playchess.com"]
[Source "ChessBase"]
[SourceQuality "1"]
[TimeControl "900+10"]

1. e4 {[%emt 0:00:00]} c5 {[%emt 0:00:00]} 2. g3 {[%emt 0:00:00]} d6 {[%emt 0:00:28]} 3. Bg2 {[%emt 0:00:00]} Nc6 {[%emt 0:00:03]} 4. b3 {[%emt 0:00:00]} Nf6 {[%emt 0:00:36]} 5. Bb2 {[%emt 0:00:01]} g6 {[%emt 0:01:15]} 6. Nc3 {[%emt 0:00:27]} Bg7 {[%emt 0:00:02]} 7. Nge2 {[%emt 0:00:39]} Bd7 {[%emt 0:02:35]} 8. Nd5 {[%emt 0:02:18]} e6 {[%emt 0:03:05]} 9. Ne3 {[%emt 0:00:14]} Qc7 {[%emt 0:01:31]} 10. O-O {[%emt 0:01:19]} h5 {[%emt 0:00:35]} 11. d4 {[%emt 0:03:33]} cxd4 {[%emt 0:03:03]} 12. Nxd4 {[%emt 0:00:04]} Nxd4 {[%emt 0:00:06]} 13. Bxd4 {[%emt 0:00:08]} O-O {[%emt 0:00:15]} 14. Qd3 {[%emt 0:03:17]} Rfd8 {[%emt 0:01:16]} 15. Rad1 {[%emt 0:00:14]} Bc6 {[%emt 0:00:48]} 16. c4 {[%emt 0:00:24]} a5 {[%emt 0:00:33]} 17. f4 {[%emt 0:00:31]} Rab8 {[%emt 0:01:15]} 18. Qc3 {[%emt 0:00:43]} Ne8 {[%emt 0:00:04]} 19. e5 {[%emt 0:02:04]} Bxg2 {[%emt 0:00:15]} 20. Nxg2 {[%emt 0:00:09]} d5 {[%emt 0:00:13]} 21. cxd5 {[%emt 0:00:10]} Qxc3 {[%emt 0:00:14]} 22. Bxc3 {[%emt 0:00:01]} Rxd5 {[%emt 0:00:06]} 23. Rxd5 {[%emt 0:00:07]} exd5 {[%emt 0:00:01]} 24. Rd1 {[%emt 0:00:35]} Nc7 {[%emt 0:00:05]} 25. Bxa5 {[%emt 0:00:06]} b6 {[%emt 0:00:01]} 26. Bb4 {[%emt 0:00:09]} Bf8 {[%emt 0:00:08]} 27. Bd6 {[%emt 0:00:26]} Rb7 {[%emt 0:00:18]} 28. Ne3 {[%emt 0:00:07]} Nb5 {[%emt 0:00:18]} 29. Bxf8 {[%emt 0:00:06]} Kxf8 {[%emt 0:00:13]} 30. Rxd5 {[%emt 0:00:01]} Nc3 {[%emt 0:00:05]} 31. Rd8+ {[%emt 0:00:19]} Ke7 {[%emt 0:00:06]} 32. Ra8 {[%emt 0:00:05]} Rd7 {[%emt 0:00:15]} 33. Nc4 {[%emt 0:00:18]} b5 {[%emt 0:00:31]} 34. Nd6 {[%emt 0:00:03]} Rc7 {[%emt 0:00:08]} 35. Kf2 {[%emt 0:00:21]} Ke6 {[%emt 0:00:06]} 36. Ke3 {[%emt 0:01:17]} b4 {[%emt 0:00:03]} 37. Ra6 {[%emt 0:00:05]} Kd7 {[%emt 0:00:18]} 38. Nc4 {[%emt 0:00:01]} Nd5+ {[%emt 0:00:26]} 39. Kd4 {[%emt 0:00:10]} 1-0

[Event "GER-ch Rapid Women 2020"]
[Site "Plochingen"]
[Date "2020.09.21"]
[Round "6.1"]
[White "Zeller, Elisa"]
[Black "Muetsch, Annmarie"]
[Result "0-1"]
[WhiteElo "1969"]
[BlackElo "2226"]
[Annotator "TA"]
[PlyCount "122"]
[EventDate "2020.09.19"]
[EventType "swiss"]
[EventCountry "GER"]
[SourceTitle "playchess.com"]
[Source "ChessBase"]
[SourceQuality "1"]

{[%evp 18,122,15,28,20,-17,-18,-23,-21,-27,-27,-43,-37,-62,-62,-56,-35,-35,-16,-31,-25,-39,0,0,0,0,0,0,0,3,9,-6,0,-10,0,-70,-59,-67,-61,-124,-38,-56,-55,-65,-56,-75,-58,-147,-153,-190,-93,-93,-86,-86,-90,-77,-84,-108,-116,-110,-73,-239,-106,-98,-109,-136,-82,-83,-58,-129,-141,-135,-135,-126,-134,-134,-142,-277,-275,-448,-433,-539,-478,-592,-566,-572,-521,-529,-498,-822,-811,-819,-811,-2171,-2443,-2162,-2133,-29977,-29977,-29978,-29979,-29979,-29968,-12824,-6033,-6219,-6211]} 1. e4 c5 2. Nf3 Nc6 3. d4 cxd4 4. Nxd4 e5 5. Nb5 d6 6. N1c3 a6 7. Na3 b5 8. Nd5 Nge7 9. c3 Nxd5 10. exd5 Ne7 {B32: Sicilian: Löwenthal and Kalashnikov Variations.} 11. g3 g6 12. Bg2 Bg7 {Black has an edge.} 13. O-O O-O 14. Kh1 Bd7 15. f4 Nf5 16. Nc2 Qb6 {[#]} 17. fxe5 $146 ({Predecessor:} 17. Qd3 Rac8 18. g4 Nh6 19. h3 f5 20. Be3 Qd8 21. g5 Nf7 22. Nb4 exf4 23. Bxf4 {1-0 (43) Molner,M (2393)-Herbst,R (1765) Indianapolis 2009}) 17... Bxe5 18. Qf3 a5 19. Ne3 {[%cal Re3f5]} Nxe3 20. Bxe3 Qd8 21. Bh6 Bg7 22. Bxg7 Kxg7 23. Qf4 Bf5 24. Qd4+ Kg8 25. Rae1 (25. g4 {feels hotter.} Bc8 26. Rf3 f5 27. Raf1 Qf6 28. Qf2) 25... Qg5 (25... Re8 {is interesting.} 26. a3 h5 27. Rxe8+ Qxe8 28. Kg1 Qe7) 26. Qf4 (26. Kg1 $11) 26... Qxf4 $15 27. Rxf4 Rae8 28. Rd1 ({White should play} 28. Rxe8 $15 Rxe8 29. Kg1) 28... Kg7 (28... Re2 $17 29. g4 Bd7) 29. Rf2 Re3 30. Kg1 Rfe8 31. Bf1 b4 $36 {[%mdl 2048] Black has good play.} 32. c4 (32. cxb4 $15 axb4 33. Rd4) 32... Re1 $17 33. Rfd2 {[#]} Bg4 (33... R8e2 $1 $19 {[%mdl 512] And now ...Rxd2 would win.} 34. Rxe1 (34. Rxe2 Rxd1) 34... Rxd2) 34. Rxe1 Rxe1 {[%mdl 4096] Endgame KRB-KRB} 35. Kf2 Rc1 36. b3 Kf6 37. Bd3 Ke5 38. Bc2 f5 39. Ke3 $2 (39. c5 $17 {keeps fighting.}) 39... Re1+ (39... Rf1 $19 {has better winning chances.} 40. Rf2 Re1+ 41. Kd3 Ra1) 40. Kf2 {[#]} Ra1 $1 {[%cal Ra1a2]} 41. Bd3 f4 (41... Rh1 $142 42. Ke3 g5) 42. Be2 Bd7 43. gxf4+ (43. Bd3 $15) 43... Kxf4 44. Rd4+ Ke5 45. Rd2 h5 46. Bd3 g5 47. Be2 (47. Ke3 $17 {was forced.}) 47... h4 $19 48. Bf3 $2 (48. Bh5) 48... g4 49. Be2 Rc1 50. Bd3 Kf4 {Hoping for ...g3+.} 51. Be2 Rc3 52. Rd4+ Ke5 53. Rd3 (53. Rd2 $142 Bf5 54. Bd1) 53... Rc2 54. Ke1 Rxa2 55. Rd2 Rxd2 56. Kxd2 {KB-KB} Kd4 57. Bd1 g3 58. hxg3 hxg3 59. Ke1 Ke3 60. Kf1 Kd2 61. Bh5 Kc2 {Accuracy: White = 50%, Black = 78%.} 0-1

[Event "GER-ch Rapid Women 2020"]
[Site "Plochingen"]
[Date "2020.09.21"]
[Round "6.2"]
[White "Paehtz, Elisabeth"]
[Black "Frey, Alisa"]
[Result "1-0"]
[WhiteElo "2472"]
[BlackElo "2087"]
[Annotator "TA"]
[PlyCount "31"]
[EventDate "2020.09.19"]
[EventType "swiss"]
[EventCountry "GER"]
[SourceTitle "playchess.com"]
[Source "ChessBase"]
[SourceQuality "1"]

{[%evp 20,31,-4,-11,23,12,88,90,536,535,614,614,965,954]} 1. d4 d5 2. Bf4 Nf6 3. e3 g6 4. Nf3 Bg7 5. c4 c5 6. Nc3 O-O 7. dxc5 Qa5 8. Nd2 dxc4 9. Bxc4 Qxc5 10. O-O Nc6 11. Rc1 Bg4 {D93: Grünfeld: 4 Nf3 Bg7 5 Bf4 0-0 6 e3.} 12. Qa4 e5 (12... Rad8 $11) 13. Bg5 $16 {[#] Strongly threatening Bxf6.} h6 $146 {[%mdl 8192]} (13... Qa5 $16 {is a better chance.}) ({Predecessor:} 13... Qb4 14. Qxb4 Nxb4 15. a3 Nc6 16. Nde4 Nxe4 17. Nxe4 Rab8 18. Nf6+ Bxf6 19. Bxf6 Rfe8 {½-½ (54) Topel,Z (2067)-Atakisi,U (2361) Izmir 2002}) 14. Bxf6 $1 $18 {White is clearly winning.} Bxf6 15. Nde4 {[%mdl 64] [#] Double Attack} Qe7 16. Nd5 {[%mdl 64] Double Attack. Black got outplayed after the opening} 1-0

[Event "GER-ch Rapid Women 2020"]
[Site "Plochingen"]
[Date "2020.09.21"]
[Round "6.3"]
[White "Voicu-Jagodzinsky, Carmen"]
[Black "Papp, Sarah"]
[Result "1-0"]
[WhiteElo "2247"]
[BlackElo "2327"]
[Annotator "TA"]
[PlyCount "105"]
[EventDate "2020.09.19"]
[EventType "swiss"]
[EventCountry "GER"]
[SourceTitle "playchess.com"]
[Source "ChessBase"]
[SourceQuality "1"]

{[%evp 9,105,-27,-26,-35,-16,-15,29,25,33,12,20,12,18,13,43,19,25,10,35,0,0,-21,0,0,0,-14,-14,-63,-52,-70,-8,-52,-51,-46,-40,-37,0,-4,-11,-12,-11,-16,8,3,22,0,174,-260,-253,-240,-187,-183,0,-465,-460,-719,-234,-228,-97,-94,0,0,129,129,129,116,129,115,146,143,202,196,191,182,194,188,266,270,396,275,443,416,495,492,729,679,29977,29978,29992,29993,29993,29993,29994,29995,29995,29996,29998,29999]} 1. Nf3 Nf6 2. c4 e6 3. g3 d5 4. b3 {[%cal Bb2b3,Bb3b4,Bb4b5][%mdl 32]} d4 5. Bb2 c5 6. b4 {A13: English Opening: 1...e6.} Nc6 7. b5 {[#]} Nb8 $146 ({Predecessor:} 7... Ne7 8. e3 Nf5 9. Bd3 Be7 10. e4 Nh6 11. e5 Nd7 12. Qe2 O-O 13. Na3 b6 {1-0 (38) Grandelius,N (2647)-Ben Artzi,I (2419) Berlin 2015}) 8. e3 {White has an edge.} dxe3 9. fxe3 b6 10. Qe2 Bb7 11. Bg2 Bd6 12. O-O Nbd7 13. d3 Qc7 14. e4 {Hoping for e5.} Ne5 15. Nbd2 Nfg4 16. a4 a5 17. h3 Nf6 18. g4 Nfd7 19. Rad1 h5 (19... O-O $15) 20. g5 O-O-O 21. Nh4 f6 22. Ndf3 $1 Rdg8 23. Nxe5 Nxe5 24. Bxe5 Bxe5 25. Ng6 Bd4+ 26. Kh1 Rh7 27. e5 fxg5 $2 (27... f5 $11) 28. Rf8+ $4 {[%mdl 8192]} (28. Bxb7+ $1 $18 {and life is good for White.} Kxb7 29. Qf3+ Kb8 30. Qf7 $1 {[%mdl 512]} Qxf7 31. Rxf7) 28... Rxf8 $19 29. Nxf8 Rh6 30. Rf1 {aiming for Nd7!} Bxe5 $2 {[#]} ({Black should play} 30... Kd8 $1 $19 {White must now prevent ...g4.} 31. Qd2 Qe7) 31. Nh7 $2 {[%mdl 8192]} (31. Ng6 $1 $11 {[%mdl 512] and White has nothing to worry.} Bf6 (31... Rxg6 32. Rf8+) 32. Qxe6+ Kb8 33. Bxb7 Qxb7+ 34. Kg1) 31... Bf4 32. Be4 (32. Bxb7+ $142 Qxb7+ 33. Kg1) 32... Bxe4+ $2 (32... Rxh7 33. Kg2 Rh6) 33. Qxe4 Qb7 {[#]} (33... Kb8 $19 {...e5 is the strong threat.} 34. h4 e5 35. Nxg5 Qd7) 34. Nxg5 $1 $17 {[%mdl 512]} Qxe4+ ({But not} 34... Bxg5 $2 35. Rf8+ Bd8 36. Rxd8+ $1 {[%mdl 512]} Kxd8 37. Qxb7 $18) ({Black should try} 34... Rf6 $1 $17 35. Qxb7+ Kxb7) 35. Nxe4 {[%mdl 4096] Endgame KRB-KRN} g5 {[#]} (35... e5 $11 {remains equal.}) 36. h4 $1 $16 {[%cal Rh4g5][%mdl 512]} Rg6 (36... gxh4 37. Rxf4) 37. hxg5 e5 38. Rg1 Kd8 39. Kg2 Be3 (39... Kd7 $16) 40. Rh1 $18 Bxg5 41. Rxh5 Bf4+ 42. Kf3 Kd7 (42... Bh6 {keeps fighting.} 43. Nc3 (43. Rxe5 Bg7 $16) 43... Re6) 43. Rh7+ Kc8 (43... Ke6 $142 44. Rc7 Kf5) 44. Nc3 Rg3+ $2 (44... Bg5 45. Nd5 Kb8) 45. Ke4 Re3+ 46. Kd5 {And now Kc6 would win.} Rxd3+ (46... Rg3 $142 47. Ne4 Rxd3+ 48. Kc6 Kd8 49. Kxb6 Rd4) 47. Kc6 {Nd5 would kill now.} Bg5 48. Nd5 {White mates.} e4 49. Rh8+ Bd8 50. Nxb6+ Kb8 51. Nd5 Kc8 52. b6 Rb3 53. Ne7+ {Quite a comeback for White. Accuracy: White = 72%, Black = 40%.} 1-0